|
000
|
01107nam0 2200289 450
|
|
001
|
984
|
|
005
|
20091114102433.0
|
|
010
|
|
@a978-7-112-08325-1@dCNY35.00
|
|
100
|
|
@a20070327d2007 em y0chiy50 ea
|
|
101
|
0
|
@achi
|
|
102
|
|
@aCN@b110000
|
|
105
|
|
@ay z 000yy
|
|
106
|
|
@ar
|
|
200
|
1
|
@a房地产基本制度与政策@AFang Di Chan Ji Ben Zhi Du Yu Zheng Ce@f沈建忠主编@FShen Jian Zhong Zhu Bian@g中国房地产估价师与房地产经纪人学会编
|
|
205
|
|
@a2版
|
|
210
|
|
@a北京@c中国建筑工业出版社@d2007
|
|
215
|
|
@a17,379页@d23cm
|
|
300
|
|
@a中国房地产经纪人执业资格考试辅导教材
|
|
330
|
|
@a本书内容包括房地产业、建设用地制度与政策、城市房屋拆迁管理制度与政策、房地产开发经营管理制度与政策、规划设计及工程建设管理制度与政策、房地产交易管理制度与政策等。
|
|
606
|
0
|
@a房地产@x经济政策@y中国@x考核@j教材
|
|
606
|
0
|
@a经济政策
|
|
606
|
0
|
@a房地产
|
|
690
|
|
@aF299@v4
|
|
701
|
0
|
@a沈建忠@AShen Jian Zhong@4主编
|
|
712
|
02
|
@a中国房地产估价师与房地产经纪人学会@AZhong Guo Fang Di Chan Gu Jia Shi Yu Fang Di Chan Jing Ji Ren Xue Hui@4编
|
|
801
|
0
|
@aCN@bBJHZTJ@c20091201
|
|
905
|
|
@dF299@e30@f10
|
|
|
|
|
| |
| 房地产基本制度与政策/沈建忠主编/中国房地产估价师与房地产经纪人学会编.-2版.-北京:中国建筑工业出版社,2007 |
| 17,379页;23cm |
| 中国房地产经纪人执业资格考试辅导教材 |
| |
| ISBN 978-7-112-08325-1:CNY35.00 |
| 本书内容包括房地产业、建设用地制度与政策、城市房屋拆迁管理制度与政策、房地产开发经营管理制度与政策、规划设计及工程建设管理制度与政策、房地产交易管理制度与政策等。 |
| ● |
正题名:房地产基本制度与政策
索取号:F299/30
 
预约/预借
| 序号
|
登录号
|
条形码
|
馆藏地/架位号
|
状态
|
备注
|
|
1
|
277498
|
300277498
|
柳城-5楼/10架4列2层/
[索取号:F299/30]
|
在馆
|
|
|
2
|
277499
|
300277499
|
柳城密-1楼/13架7列4层/
[索取号:F299/30]
|
在馆
|
|
|
3
|
277500
|
300277500
|
柳城密-1楼/13架7列4层/
[索取号:F299/30]
|
在馆
|
|
|
4
|
277501
|
300277501
|
柳城-5楼/10架4列2层/
[索取号:F299/30]
|
在馆
|
|
|
5
|
277502
|
300277502
|
柳城密-1楼/13架7列4层/
[索取号:F299/30]
|
在馆
|
|
|
6
|
277503
|
300277503
|
柳城密-1楼/13架7列4层/
[索取号:F299/30]
|
在馆
|
|
|
7
|
277504
|
300277504
|
柳城密-1楼/13架7列4层/
[索取号:F299/30]
|
在馆
|
|
|
8
|
277505
|
300277505
|
柳城密-1楼/13架7列4层/
[索取号:F299/30]
|
在馆
|
|
|
9
|
277506
|
300277506
|
柳城密-1楼/13架7列4层/
[索取号:F299/30]
|
在馆
|
|
|
10
|
277507
|
300277507
|
柳城-5楼/10架4列2层/
[索取号:F299/30]
|
在馆
|
|